| 000 | 01175nam a22003257a 4500 | ||
|---|---|---|---|
| 005 | 20220329141310.0 | ||
| 008 | 971010s1982 r 00010 d | ||
| 010 | _a66011 | ||
| 011 | _a66983 | ||
| 035 | _a75975 | ||
| 090 | _aTesis | ||
| 100 | 0 | 0 |
_aArbulu Diaz, Pedro Antonio. _96711 |
| 245 | _aUso óptimo de los recursos agrícolas en el Proyecto Especial de Irrigación Olmo, Lambayeque, Perú | ||
| 260 |
_aChapingo, Méx. : _bEl autor, _c1982 |
||
| 300 |
_a165 h. _b; gráfs. ; mapas |
||
| 500 | _a1992-787 | ||
| 502 | _aTesis (M.C. Esp. en Economía Agrícola) -- CP. Centro de Economía | ||
| 590 |
_aALEPH _b10 _c20130110 _lUCH01 _h1400 |
||
| 590 |
_aBATCH-UPD _b10 _c20130110 _lUCH01 _h0217 |
||
| 590 |
_aBATCH-UPD _b10 _c20130110 _lUCH01 _h1613 |
||
| 590 |
_aBATCH-UPD _b10 _c20130409 _lUCH01 _h2236 |
||
| 590 |
_aBATCH-UPD _b10 _c20130410 _lUCH01 _h1008 |
||
| 590 |
_aBATCH-UPD _b10 _c20130914 _lUCH01 _h1658 |
||
| 590 |
_aCONVERSION _b10 _c20130109 _lUCH01 _h1336 |
||
| 650 | 1 | 4 |
_aIrrigación _xPerú. _960441 |
| 650 | 1 | 4 |
_aIrrigación _xProyectos. _960443 |
| 650 | 1 | 4 |
_aPolítica agrícola _xPerú. _990349 |
| 901 | _aBK | ||
| 949 |
_bZA _cTESBD _d-8979 _eTS1 _h73 _i75975 _si |
||
| 999 |
_c66011 _d66011 |
||